<?xml version="1.0" encoding="UTF-8"?>
<record
    xmlns:xsi="http://www.w3.org/2001/XMLSchema-instance"
    xsi:schemaLocation="http://www.loc.gov/MARC21/slim http://www.loc.gov/standards/marcxml/schema/MARC21slim.xsd"
    xmlns="http://www.loc.gov/MARC21/slim">

  <leader>00719nam a2200181Ia 4500</leader>
  <controlfield tag="008">090124s9999    xx            000 0 und d</controlfield>
  <datafield tag="082" ind1=" " ind2=" ">
    <subfield code="b">8522</subfield>
    <subfield code="a">998</subfield>
  </datafield>
  <datafield tag="100" ind1=" " ind2=" ">
    <subfield code="a">&#x92A;&#x902;&#x921;&#x93F;&#x924; &#x928;&#x932;&#x93F;&#x928;&#x940;</subfield>
  </datafield>
  <datafield tag="245" ind1=" " ind2=" ">
    <subfield code="a"> &#x92E;&#x939;&#x93E;&#x930;&#x93E;&#x937;&#x94D;&#x91F;&#x94D;&#x930;&#x93E;&#x902;&#x924;&#x940;&#x932; &#x930;&#x93E;&#x937;&#x94D;&#x91F;&#x94D;&#x930;&#x935;&#x93E;&#x926;&#x93E;&#x91A;&#x93E; &#x935;&#x93F;&#x915;&#x93E;&#x938;</subfield>
  </datafield>
  <datafield tag="250" ind1=" " ind2=" ">
    <subfield code="a">1</subfield>
  </datafield>
  <datafield tag="260" ind1=" " ind2=" ">
    <subfield code="c">1955</subfield>
  </datafield>
  <datafield tag="300" ind1=" " ind2=" ">
    <subfield code="a">256+6</subfield>
  </datafield>
  <datafield tag="600" ind1=" " ind2=" ">
    <subfield code="a">&#x92A;&#x902;&#x921;&#x93F;&#x924; &#x928;&#x932;&#x93F;&#x928;&#x940;</subfield>
  </datafield>
  <datafield tag="630" ind1=" " ind2=" ">
    <subfield code="a"> &#x92E;&#x939;&#x93E;&#x930;&#x93E;&#x937;&#x94D;&#x91F;&#x94D;&#x930;&#x93E;&#x902;&#x924;&#x940;&#x932; &#x930;&#x93E;&#x937;&#x94D;&#x91F;&#x94D;&#x930;&#x935;&#x93E;&#x926;&#x93E;&#x91A;&#x93E; &#x935;&#x93F;&#x915;&#x93E;&#x938;</subfield>
  </datafield>
  <datafield tag="700" ind1=" " ind2=" ">
    <subfield code="a">&#x92A;&#x902;&#x921;&#x93F;&#x924; &#x928;&#x932;&#x93F;&#x928;&#x940;</subfield>
  </datafield>
  <datafield tag="730" ind1=" " ind2=" ">
    <subfield code="a"> &#x92E;&#x939;&#x93E;&#x930;&#x93E;&#x937;&#x94D;&#x91F;&#x94D;&#x930;&#x93E;&#x902;&#x924;&#x940;&#x932; &#x930;&#x93E;&#x937;&#x94D;&#x91F;&#x94D;&#x930;&#x935;&#x93E;&#x926;&#x93E;&#x91A;&#x93E; &#x935;&#x93F;&#x915;&#x93E;&#x938;</subfield>
  </datafield>
  <datafield tag="942" ind1=" " ind2=" ">
    <subfield code="c">BOOK</subfield>
  </datafield>
  <datafield tag="999" ind1=" " ind2=" ">
    <subfield code="c">122483</subfield>
    <subfield code="d">122483</subfield>
  </datafield>
  <datafield tag="952" ind1=" " ind2=" ">
    <subfield code="0">0</subfield>
    <subfield code="1">0</subfield>
    <subfield code="4">0</subfield>
    <subfield code="7">0</subfield>
    <subfield code="a">THNMGS</subfield>
    <subfield code="b">THNMGS</subfield>
    <subfield code="d">0000-00-00</subfield>
    <subfield code="g">5.00</subfield>
    <subfield code="l">0</subfield>
    <subfield code="o">8522</subfield>
    <subfield code="p">THNMGS-8522</subfield>
    <subfield code="r">2009-01-24 00:00:00</subfield>
    <subfield code="v">5.00</subfield>
    <subfield code="w">2009-01-24</subfield>
    <subfield code="y">BOOK</subfield>
  </datafield>
</record>
